|
|
|
|
| LEADER |
00000nam0a2200000 4500 |
| 001 |
15087 |
| 005 |
20231101205007.0 |
| 010 |
|
|
|a 5891760770
|
| 035 |
|
|
|a (RuTPU)RU\TPU\book\15189
|
| 035 |
|
|
|a BOOK00015258
|
| 090 |
|
|
|a 15087
|
| 100 |
|
|
|a 20011209d1999 k y0rusy50 ca
|
| 101 |
0 |
|
|a rus
|
| 102 |
|
|
|a RU
|
| 105 |
|
|
|a y z 000zy
|
| 200 |
0 |
|
|a Т. 1 : Атомно-молекулярный уровень
|
| 210 |
|
|
|d 1999
|
| 215 |
|
|
|a 544 с.
|
| 461 |
|
|
|t Компьютерное материаловедение полимеров
|v Т. 1 : Атомно-молекулярный уровень
|f А. А. Аскадский, В. И. Кондращенко
|d 1999
|
| 606 |
|
|
|a Полимеры
|2 stltpush
|3 (RuTPU)RU\TPU\subj\50220
|9 68952
|
| 610 |
1 |
|
|a структура
|
| 610 |
1 |
|
|a химическое строение
|
| 610 |
1 |
|
|a компьютерный синтез
|
| 610 |
1 |
|
|a молекулярный дизайн
|
| 610 |
1 |
|
|a физические свойства
|
| 675 |
|
|
|a 678.86
|v 3
|
| 801 |
|
0 |
|a RU
|b 63413507
|c 20011209
|g PSBO
|
| 801 |
|
2 |
|a RU
|b 63413507
|c 20180207
|g PSBO
|
| 942 |
|
|
|c BK
|